Responses for Show #7700 - Friday, February 16, 2018

Rob Worman game 3.

Contestants

[<< previous game]

Vinay Kadiyala, a resident physician from Albany, New York

Gianna Durso-Finley, an executive director of an educational foundation from Lawrenceville, New Jersey

Rob Worman, an escalation manager from Edina, Minnesota (whose 2-day cash winnings total $21,499)

[next game >>]

Jeopardy! Round responses

AT THE COMO PARK ZOO
(Alex: In Saint Paul, Minnesota.)
TAKE A LETTER
STATES' HIGHEST POINTS
REALITY TV SHOWS
EPONYMOUS BRANDS
TITLE TITLES
    $200 24
Mount Everest

Rob
    $200 2
E

Rob
    $200 14
Vermont

Vinay
    $200 26
[The end-of-round signal sounds.]

The Voice

Vinay
    $200 10
(William) Hoover

Rob
    $200 23
Rex

Vinay
    $400 25
Canada

Gianna
    $400 4
T

Vinay
    $400 15
South Dakota

Vinay
    $400 12
Jacuzzi

Rob
    $400 22
(Alex: Less than a minute to go.)

Prince

Triple Stumper
    $600 1
fingerprints

Gianna
    $600 5
a U

Rob
    $600 16
Louisiana

Rob
    $600 9
Yale

Gianna
    $2,200 19
Count Dracula

Rob
    $800 3
a fungus

Vinay
    $800 7
an A

Vinay
    $800 17
(Vinay: What is Georgia?)
(Rob: What is North Carolina?)

Alabama

RobVinay
Triple Stumper
    $800 11
Wedgwood

Gianna
    $800 20
the Red Baron

Rob
    $1000 6
an anaconda

Gianna
    $1000 8
a C

Rob
    $1000 18
Oklahoma

Triple Stumper
    $1000 13
Walgreen

Vinay
    $1000 21
the Rain King

Gianna

Scores at the first commercial break (after clue 15):

Rob Gianna Vinay
$2,400 $3,000 $3,600

Scores at the end of the Jeopardy! Round:

Rob Gianna Vinay
$5,400 $4,400 $3,200

Double Jeopardy! Round responses

ART & RELIGION
FILM SIDEKICKS
(Alex: You give us the character that they chum around with.)
TRAVEL EURASIA
IN A HALL OF FAME
AMERICAN HISTORY
ENDS IN "ELLA"
    $400 21
apostle

Vinay
    $400 4
Delhi

Vinay
    $400 1
the Erie Canal

Vinay
    $400 25
a novella

Vinay
    $800 22
(Alex: With less than a minute to go now.)

calligraphy

Gianna
    $800 28
[The end-of-round signal sounds.]

Frodo

Vinay
    $800 5
Istanbul

Vinay
    $800 19
Halley

Rob
    $800 2
(Alex: [*]. [*]! Oh, that's a movie.)

Attica

Triple Stumper
    $800 24
a capella

Vinay
    $1200 26
Ganesh

Rob
    $1200 10
Indiana Jones

Rob
    $1200 6
the Brandenburg Gate

Vinay
    $2,000 13
Australia

Rob
    $1200 3
the House of Burgesses

Vinay
    $1200 16
(Gianna: What is Gabriella?)

Nigella Lawson

Gianna
Triple Stumper
    $1600 27
Fra Angelico

Triple Stumper
    $1600 11
Ron Burgundy

Triple Stumper
    $2,500 7
(Vinay: [*]? ...What is [*]?)

a camel

Vinay
    $1600 14
Terry Gross

Rob
    $1600 9
the Teapot Dome

Rob
    $1600 17
citronella

Vinay
    $2000 23
Daniel

Triple Stumper
    $2000 12
Borat

Rob
    $2000 8
(Alex: Reference to Eleanor of [*].)

Aquitaine

Vinay
    $2000 15
The Oregon Trail

Rob
    $2000 18
Springfield

Vinay
    $2000 20
varicella

Vinay

Scores at the end of the Double Jeopardy! Round:

Rob Gianna Vinay
$17,800 $4,000 $19,700

[wagering suggestions for these scores]

Final Jeopardy! Round responses

FICTIONAL PLACES
(Alex: [To Vinay] P.S.?)
(Vinay: Thanks Kristi.)
(Alex: Ah, okay.)
(Vinay: Took my shift for me.)
GiannaWhat is Never Never Land?
$100
RobWhat is Never never land
$15,000
VinayWhat is the infirmary? P.S. Thanks Kristi!
$5,300
Never Never Land

Final scores:

Rob Gianna Vinay
$32,800 $4,100 $14,400
3-day champion: $54,299 3rd place: $1,000 2nd place: $2,000

Game dynamics:

Coryat scores:

Rob Gianna Vinay
$15,400 $4,000 $18,800
17 R
(including 2 DDs),
1 W
7 R,
1 W
22 R
(including 1 DD),
1 W

Combined Coryat: $38,200

[game clues] [game scores] [suggest correction]

Game tape date: 2017-11-27
The J! Archive is created by fans, for fans. Scraping, republication, monetization, and malicious use prohibited; this site may use cookies and collect identifying information. See terms. The Jeopardy! game show and all elements thereof, including but not limited to copyright and trademark thereto, are the property of Jeopardy Productions, Inc. and are protected under law. This website is not affiliated with, sponsored by, or operated by Jeopardy Productions, Inc. Join the discussion at JBoard.tv.